MARC details
| 000 -LEADER |
| campo de control de longitud fija |
01570nam a22003617a 4500 |
| 003 - IDENTIFICADOR DE NÚMERO DE CONTROL |
| campo de control |
OSt |
| 005 - FECHA Y HORA DE LA ÚLTIMA TRANSACCIÓN |
| campo de control |
20230413134146.0 |
| 008 - DATOS DE LONGITUD FIJA--INFORMACIÓN GENERAL |
| campo de control de longitud fija |
221006b |||||||| |||| 00| 0 eng d |
| 040 ## - FUENTE DE CATALOGACIÓN |
| Centro/agencia transcriptor |
Biblioteca Lado V |
| 082 ## - NÚMERO DE LA CLASIFICACIÓN DECIMAL DEWEY |
| Número de clasificación |
700 |
| Número de ítem |
K41a |
| 100 ## - ENTRADA PRINCIPAL--NOMBRE DE PERSONA |
| 9 (RLIN) |
798 |
| Nombre de persona |
Acosta de Arriba, Rafael |
| Término indicativo de función/relación |
editor |
| -- |
director |
| 245 ## - MENCIÓN DEL TÍTULO |
| Título |
Arte Cubano/ |
| Resto del título |
Revista de Artes Visuales/ |
| 260 ## - PUBLICACIÓN, DISTRIBUCIÓN, ETC. |
| Nombre del editor, distribuidor, etc. |
Consejo Nacional de las Artes Plasticas |
| Fecha de publicación, distribución, etc. |
2001 |
| Lugar de publicación, distribución, etc. |
Cuba |
| 300 ## - DESCRIPCIÓN FÍSICA |
| Dimensiones |
22x32cm |
| Extensión |
70p. |
| 366 ## - INFORMACIÓN SOBRE DISPONIBILIDAD COMERCIAL |
| Nota |
spa |
| 490 ## - MENCIÓN DE SERIE |
| Designación de volumen o secuencia |
2001 |
| Mención de serie |
3 |
| Número Internacional Normalizado para Publicaciones Seriadas |
1024 8439 |
| 505 ## - NOTA DE CONTENIDO CON FORMATO |
| Título |
El mercado del arte en los márgenes de la ideología y la realidad |
| 505 ## - NOTA DE CONTENIDO CON FORMATO |
| Título |
Ruta Critica |
| Nota de contenido con formato |
Moises Finale, las mascaras de la duda<br/><br/>1940<br/><br/>Lester Campa, los derechos de la naturaleza<br/><br/>Vomico<br/> |
| 505 ## - NOTA DE CONTENIDO CON FORMATO |
| Título |
Dossier "La Republica" |
| 505 ## - NOTA DE CONTENIDO CON FORMATO |
| Título |
Pensando Alto A cargo de Magaly Espinosa |
| Nota de contenido con formato |
El nuevo paradigma estético |
| 505 ## - NOTA DE CONTENIDO CON FORMATO |
| Título |
Entrevistas |
| Nota de contenido con formato |
Arturo Montoto: nunca me propuse transgredir<br/><br/>Fotografía cubana. Una historia... personal |
| 505 ## - NOTA DE CONTENIDO CON FORMATO |
| Título |
Summary |
| 650 ## - PUNTO DE ACCESO ADICIONAL DE MATERIA--TÉRMINO DE MATERIA |
| Fuente del encabezamiento o término |
Tesauro de Arte & Arquitectura |
| Término de materia o nombre geográfico como elemento de entrada |
ARTE |
| 9 (RLIN) |
703 |
| 650 ## - PUNTO DE ACCESO ADICIONAL DE MATERIA--TÉRMINO DE MATERIA |
| Fuente del encabezamiento o término |
Tesauro de Arte & Arquitectura |
| Término de materia o nombre geográfico como elemento de entrada |
EXPOSICIONES |
| 650 ## - PUNTO DE ACCESO ADICIONAL DE MATERIA--TÉRMINO DE MATERIA |
| Fuente del encabezamiento o término |
Tesauro de Arte & Arquitectura |
| Término de materia o nombre geográfico como elemento de entrada |
BIENAL |
| 650 ## - PUNTO DE ACCESO ADICIONAL DE MATERIA--TÉRMINO DE MATERIA |
| Fuente del encabezamiento o término |
Tesauro de Arte & Arquitectura |
| Término de materia o nombre geográfico como elemento de entrada |
APRECIACION |
| 650 ## - PUNTO DE ACCESO ADICIONAL DE MATERIA--TÉRMINO DE MATERIA |
| Fuente del encabezamiento o término |
Tesauro de Arte & Arquitectura |
| Término de materia o nombre geográfico como elemento de entrada |
TEORIA |
| 650 ## - PUNTO DE ACCESO ADICIONAL DE MATERIA--TÉRMINO DE MATERIA |
| Fuente del encabezamiento o término |
Tesauro de Arte & Arquitectura |
| Término de materia o nombre geográfico como elemento de entrada |
CRITICA |
| 650 ## - PUNTO DE ACCESO ADICIONAL DE MATERIA--TÉRMINO DE MATERIA |
| Fuente del encabezamiento o término |
Tesauro de Arte & Arquitectura |
| Término de materia o nombre geográfico como elemento de entrada |
FOTOGRAFIA |
| 9 (RLIN) |
702 |
| 650 ## - PUNTO DE ACCESO ADICIONAL DE MATERIA--TÉRMINO DE MATERIA |
| Fuente del encabezamiento o término |
Tesauro de Arte & Arquitectura |
| Término de materia o nombre geográfico como elemento de entrada |
LITERATURA |
| 650 ## - PUNTO DE ACCESO ADICIONAL DE MATERIA--TÉRMINO DE MATERIA |
| Fuente del encabezamiento o término |
Tesauro de Arte & Arquitectura |
| Término de materia o nombre geográfico como elemento de entrada |
CUBANO |
| 942 ## - ELEMENTOS DE ENTRADA SECUNDARIOS (KOHA) |
| Fuente del sistema de clasificación o colocación |
Clasificación Decimal Dewey |
| Tipo de ítem Koha |
Libros |
| Parte de la signatura que corresponde a la clasificación (Parte de la clasificación) |
701.18 |
| Parte de la signatura que identifica el ejemplar (Parte del ítem) |
A185a |
| Suprimir en OPAC |
No |